<The> Social Structure of OECD-Countries 1960-1980 and its Implications for Selected Aspects of Wellbeing

Gespeichert in:
Bibliographische Detailangaben
1. Verfasser: Fischer-Kowalski, Marina
Format: Buch
Sprache:Englisch
Veröffentlicht: Wien Institut für Höhere Studien 1985
Ausgabe:1. ed.
Schriftenreihe:Forschungsbericht No.223
Tags: Tag hinzufügen
Keine Tags, Fügen Sie das erste Tag hinzu!

MARC

LEADER 00000nam a2200000 4500
001 c029334
005 20250512100945.2
041 0 |a eng 
044 |a AT 
245 1 0 |a <The> Social Structure of OECD-Countries 1960-1980 and its Implications for Selected Aspects of Wellbeing  |c Marina Fischer-Kowalski 
250 |a 1. ed. 
264 1 |a Wien  |b Institut für Höhere Studien  |c 1985 
300 |a 67 s. 
490 1 |a Forschungsbericht  |v No.223 
830 0 |a Forschungsbericht  |v No.223 
100 1 |a Fischer-Kowalski, Marina